000 00398 a2200133 4500
005 20250714173347.0
020 _a978 9976 60 524 2
082 _a343.41 TAN
245 _aTanzania Tax Law Reports
260 _aDar es salaam,
_bDar es salaam University press,
_c2005.
300 _axii, 219p.:
_bReferences.
_c26cm.
700 _aKIBUTA, O, LUOGA, F. D, BELEKO, J. & MWAIKUSA, J. T.
942 _2ddc
_cBKS
999 _c6707
_d6707